书目信息 |
| 题名: |
当代美国资产阶级哲学资料
|
|
| 作者: | ;中国社会科学院哲学研究所现代外国哲学组 编 | |
| 分册: | 第二集 | |
| 出版信息: | 北京 商务印书馆 1980.06 |
|
| 页数: | 359页 | |
| 开本: | 19cm | |
| 丛书名: | ||
| 单 册: | ||
| 中图分类: | B712.5 | |
| 科图分类: | ||
| 主题词: | 哲学--美洲 | |
| 电子资源: | ||
| ISBN: | ||
| 000 | 00895nam0 2200217 45 | |
| 001 | 0206250833 | |
| 005 | 20031219104111.7 | |
| 010 | @dCNY1.10 | |
| 091 | @a2017.206 | |
| 100 | @a20020625d1980 km y0chiy0120 ea | |
| 101 | 0 | @achi@ceng |
| 105 | @a z 000yy | |
| 200 | 1 | @a当代美国资产阶级哲学资料@ADang Dai Mei Guo Zi Chan Jie Ji Zhe Xue Zi Liao@e第二次大战后美国哲学论著选译@EDi Er Ci Da Zhan Hou Mei Guo Zhe Xue Lun Zhu Xuan Yi@h第二集@f中国社会科学院哲学研究所现代外国哲学组编@FZhong Guo She Hui Ke Xue Yuan Zhe Xue Yan Jiu Suo Xian Dai Wai Guo Zhe Xue Zu Bian |
| 210 | @a北京@c商务印书馆@d1980.06 | |
| 215 | @a359页@d19cm | |
| 517 | @a第二次大战后美国哲学论著选译@ADi Er Ci Da Zhan Hou Mei Guo Zhe Xue LunZhu Xuan Yi | |
| 606 | 0 | @a哲学@x美洲 |
| 690 | @aB712.5@v3 | |
| 711 | 02 | @a中国社会科学院哲学研究所现代外国哲学组@4编 |
| 801 | @aCN@bTSTC@c20030625 | |
| 905 | @b1046@dB712.5@e4:1@f1 | |
| 当代美国资产阶级哲学资料:第二次大战后美国哲学论著选译.第二集/中国社会科学院哲学研究所现代外国哲学组编.-北京:商务印书馆,1980.06 |
| 359页;19cm |
| ISBN :CNY1.10 |
| ● |
| 相关链接 |
|
|
|
|
正题名:当代美国资产阶级哲学资料
索取号:B712.5/4:1
 
预约/预借
| 序号 | 登录号 | 条形码 | 馆藏地/架位号 | 状态 | 备注 |
| 1 | 0001046 | 001823851 | 密集书库/ [索取号:B712.5/4:1] | 在馆 |